<?xml version="1.0" encoding="UTF-8"?>
<record
    xmlns:xsi="http://www.w3.org/2001/XMLSchema-instance"
    xsi:schemaLocation="http://www.loc.gov/MARC21/slim http://www.loc.gov/standards/marcxml/schema/MARC21slim.xsd"
    xmlns="http://www.loc.gov/MARC21/slim">

  <leader>02421cam a2200385   4500500</leader>
  <controlfield tag="005">20260329004329.0</controlfield>
  <datafield tag="041" ind1=" " ind2=" ">
    <subfield code="a">fre</subfield>
  </datafield>
  <datafield tag="042" ind1=" " ind2=" ">
    <subfield code="a">dc</subfield>
  </datafield>
  <datafield tag="100" ind1="1" ind2="0">
    <subfield code="a">Sch&#xE4;fer, Christina</subfield>
    <subfield code="e">author</subfield>
  </datafield>
  <datafield tag="245" ind1="0" ind2="0">
    <subfield code="a">La possession dans l&#x2019;&#xC9;vangile de Marc comme narration cr&#xE9;ative du p&#xE9;ch&#xE9; chez Paul</subfield>
  </datafield>
  <datafield tag="260" ind1=" " ind2=" ">
    <subfield code="c">2022.
							</subfield>
  </datafield>
  <datafield tag="500" ind1=" " ind2=" ">
    <subfield code="a">55</subfield>
  </datafield>
  <datafield tag="520" ind1=" " ind2=" ">
    <subfield code="a">La th&#xE8;se entend montrer comment l&#x2019;&#xC9;vangile de Marc propose une mise en r&#xE9;cit de l&#x2019;anthropologie paulinienne. Les figures de possession d&#xE9;moniaque poursuivent l&#x2019;analyse de l&#x2019;ali&#xE9;nation entreprise par Paul &#xE0; l&#x2019;aide du concept de p&#xE9;ch&#xE9;. Paul d&#xE9;crypte le conflit malheureux du sujet humain avec sa propre finitude&#xA0;: plut&#xF4;t que de reconna&#xEE;tre la gr&#xE2;ce de la transcendance qui le fait vivre, il s&#x2019;emprisonne dans la tentative d&#xE9;sesp&#xE9;r&#xE9;e de s&#x2019;imaginer lui-m&#xEA;me comme origine transcendante. &#xC0; sa suite, l&#x2019;&#xC9;vangile de Marc met en sc&#xE8;ne la voie d&#x2019;une lib&#xE9;ration de la situation d&#x2019;addiction qui en d&#xE9;coule par une transformation originale de la compr&#xE9;hension de la possession d&#xE9;moniaque.</subfield>
  </datafield>
  <datafield tag="520" ind1=" " ind2=" ">
    <subfield code="a">The thesis shows that Mark&#x2019;s Gospel offers a narrative of Pauline anthropology. The figures of demonic possession continue Paul&#x2019;s analysis of alienation with the concept of sin. Paul deciphers the wretched conflict of the human subject with his own finitude&#xA0;: rather than recognising the grace of the transcendence that gives him life, he imprisons himself in the desperate attempt to imagine himself as a transcendent origin. Mark&#x2019;s gospel then stages the way for a liberation from the ensuing addictive situation through an original transformation of the understanding of demonic possession.</subfield>
  </datafield>
  <datafield tag="690" ind1=" " ind2=" ">
    <subfield code="a">addiction</subfield>
  </datafield>
  <datafield tag="690" ind1=" " ind2=" ">
    <subfield code="a">anthropologie</subfield>
  </datafield>
  <datafield tag="690" ind1=" " ind2=" ">
    <subfield code="a">&#xC9;p&#xEE;tre aux Romains</subfield>
  </datafield>
  <datafield tag="690" ind1=" " ind2=" ">
    <subfield code="a">&#xC9;vangile selon Marc</subfield>
  </datafield>
  <datafield tag="690" ind1=" " ind2=" ">
    <subfield code="a">libert&#xE9;</subfield>
  </datafield>
  <datafield tag="690" ind1=" " ind2=" ">
    <subfield code="a">Marc 5</subfield>
  </datafield>
  <datafield tag="690" ind1=" " ind2=" ">
    <subfield code="a">p&#xE9;ch&#xE9;</subfield>
  </datafield>
  <datafield tag="690" ind1=" " ind2=" ">
    <subfield code="a">possession d&#xE9;moniaque</subfield>
  </datafield>
  <datafield tag="690" ind1=" " ind2=" ">
    <subfield code="a">Romains 7</subfield>
  </datafield>
  <datafield tag="690" ind1=" " ind2=" ">
    <subfield code="a">addiction</subfield>
  </datafield>
  <datafield tag="690" ind1=" " ind2=" ">
    <subfield code="a">anthropology</subfield>
  </datafield>
  <datafield tag="690" ind1=" " ind2=" ">
    <subfield code="a">demonic possession</subfield>
  </datafield>
  <datafield tag="690" ind1=" " ind2=" ">
    <subfield code="a">Epistle to the Romans</subfield>
  </datafield>
  <datafield tag="690" ind1=" " ind2=" ">
    <subfield code="a">freedom</subfield>
  </datafield>
  <datafield tag="690" ind1=" " ind2=" ">
    <subfield code="a">Gospel of Mark</subfield>
  </datafield>
  <datafield tag="690" ind1=" " ind2=" ">
    <subfield code="a">Mark 5</subfield>
  </datafield>
  <datafield tag="690" ind1=" " ind2=" ">
    <subfield code="a">Romans 7</subfield>
  </datafield>
  <datafield tag="690" ind1=" " ind2=" ">
    <subfield code="a">sin</subfield>
  </datafield>
  <datafield tag="786" ind1="0" ind2=" ">
    <subfield code="n">&#xC9;tudes th&#xE9;ologiques et religieuses | 97 | 3 | 2022-09-20 | p. 369-377 | 0014-2239</subfield>
  </datafield>
  <datafield tag="856" ind1="4" ind2="1">
    <subfield code="u">https://shs.cairn.info/revue-etudes-theologiques-et-religieuses-2022-3-page-369?lang=fr&amp;redirect-ssocas=7080</subfield>
  </datafield>
  <datafield tag="999" ind1=" " ind2=" ">
    <subfield code="c">1832874</subfield>
    <subfield code="d">1832874</subfield>
  </datafield>
</record>
